Europäische Union / European Union / EU - Statistiken

Allgemein
  • Dieses Quiz wurde 2.620 mal gespielt
  • Das Durchschnittsergebnis liegt bei 24 aus 27
Antwortstatistiken
Beitritt / Joined Staat / Country % Korrekt
01.01.1958/03.10.1990 (Gründungsmitglied / Founder) Deutschland
99%
01.01.1958 (Gründungsmitglied / Founder) Frankreich
98%
01.01.1986 Spanien
97%
01.01.1958 (Gründungsmitglied / Founder) Belgien
96%
01.01.1958 (Gründungsmitglied / Founder) Italien
96%
01.01.1958 (Gründungsmitglied / Founder) Niederlande
96%
01.01.1986 Portugal
95%
01.01.1995 Österreich
94%
01.05.2004 Polen
94%
01.01.1995 Schweden
94%
01.01.1958 (Gründungsmitglied / Founder) Luxemburg
93%
01.01.1995 Finnland
91%
01.01.1973 Dänemark
90%
01.01.1981 Griechenland
90%
01.05.2004 Tschechien
90%
01.05.2004 Estland
89%
01.01.1973 Irland
89%
01.05.2004 Lettland
88%
01.05.2004 Slowakei
88%
01.05.2004 Slowenien
88%
01.05.2004 Litauen
87%
01.01.2007 Rumänien
86%
01.05.2004 Ungarn
86%
01.01.2007 Bulgarien
84%
01.01.1973 Vereinigtes Königreich
80%
01.05.2004 Malta
74%
01.05.2004 Zypern
64%
Keine übereinstimmenden Quizze gefunden
Verteilung der Resultate
Anzahl Personen mit jedem Resultat
Perzentil nach korrekt beantworteten Fragen
Ihre Resultats-Entwicklung
Sie haben dieses Quiz noch nicht gespielt